AIDS : (Record no. 4931)

000 -LEADER
fixed length control field 00762nam a2200229 a 4500
003 - CONTROL NUMBER IDENTIFIER
control field ALUPE UNIVERSITY
005 - DATE AND TIME OF LATEST TRANSACTION
control field 20220331092318.0
008 - FIXED-LENGTH DATA ELEMENTS--GENERAL INFORMATION
fixed length control field 900629s1989 enka b 001 0 eng
020 ## - INTERNATIONAL STANDARD BOOK NUMBER
International Standard Book Number 0713145870 (AISE ed.)
040 ## - CATALOGING SOURCE
Transcribing agency ALUPE UNIVERSITY
050 00 - LIBRARY OF CONGRESS CALL NUMBER
Classification number RC607.
Item number .P73 1988
100 1# - MAIN ENTRY--PERSONAL NAME
Personal name Pratt, Robert J.
245 10 - TITLE STATEMENT
Title AIDS :
Remainder of title a strategy for nursing care /
Statement of responsibility, etc. Robert J. Pratt.
250 ## - EDITION STATEMENT
Edition statement 2nd ed.
260 ## - PUBLICATION, DISTRIBUTION, ETC.
Place of publication, distribution, etc. London :
Name of publisher, distributor, etc. E. Arnold,
Date of publication, distribution, etc. c1988.
300 ## - PHYSICAL DESCRIPTION
Extent viii, 248 p. :
Other physical details ill. ;
Dimensions 22 cm.
504 ## - BIBLIOGRAPHY, ETC. NOTE
Bibliography, etc. note Includes bibliographical references and index.
650 #0 - SUBJECT ADDED ENTRY--TOPICAL TERM
Topical term or geographic name entry element AIDS (Disease)
General subdivision Nursing.
906 ## - LOCAL DATA ELEMENT F, LDF (RLIN)
a 7
b cbc
c orignew
d 2
e ncip
f 19
g y-gencatlg
942 ## - ADDED ENTRY ELEMENTS (KOHA)
Source of classification or shelving scheme
Koha item type Book
Holdings
Withdrawn status Lost status Source of classification or shelving scheme Damaged status Not for loan Permanent Location Current Location Shelving location Date acquired Source of acquisition Total Checkouts Full call number Barcode Date last seen Price effective from Koha item type Public note
          AU LIBRARY AU LIBRARY Open Shelf 31.03.2022 DONATION FROM MOI UNIVERSITY   RC607 .P73 1988 28011828 31.03.2022 31.03.2022 Book WO

Powered by Koha